[Zalányi Sámuel hozzászólása a vitához]
Elmentve itt :
| Szerző: | |
|---|---|
| Testületi szerző: | |
| Dokumentumtípus: | Könyv része |
| Megjelent: |
1976
|
| Sorozat: | A Szegedi József Attila Tudományegyetem Állam- és Jogtudományi Kar Mezőgazdasági és Munkajogi Tanszékének Kiadványai
2 Az üzemi balesetek orvoslásának munkajogi, társadalombiztosítási és szociálpolitikai eszközei : nemzetközi kollokvium, Szeged, 1976. november 24-26. 2 |
| Kulcsszavak: | Társadalombiztosítás - üzemi baleset, Társadalombiztosítás - foglalkozási megbetegedés |
| Tárgyszavak: | |
| Online Access: | http://acta.bibl.u-szeged.hu/44585 |
| LEADER | 01138naa a2200217 i 4500 | ||
|---|---|---|---|
| 001 | acta44585 | ||
| 005 | 20211130145841.0 | ||
| 008 | 170502s1976 hu o 0|| hun d | ||
| 040 | |a SZTE Egyetemi Kiadványok Repozitórium |b hun | ||
| 041 | |a hun | ||
| 100 | 1 | |a Zalányi Sámuel | |
| 245 | 1 | 0 | |a [Zalányi Sámuel hozzászólása a vitához] |h [elektronikus dokumentum] / |c Zalányi Sámuel |
| 260 | |c 1976 | ||
| 300 | |a 73-81 | ||
| 490 | 0 | |a A Szegedi József Attila Tudományegyetem Állam- és Jogtudományi Kar Mezőgazdasági és Munkajogi Tanszékének Kiadványai |v 2 | |
| 490 | 0 | |a Az üzemi balesetek orvoslásának munkajogi, társadalombiztosítási és szociálpolitikai eszközei : nemzetközi kollokvium, Szeged, 1976. november 24-26. |v 2 | |
| 650 | 4 | |a Társadalomtudományok | |
| 650 | 4 | |a Jogtudomány | |
| 695 | |a Társadalombiztosítás - üzemi baleset, Társadalombiztosítás - foglalkozási megbetegedés | ||
| 710 | |a Az üzemi balesetek orvoslásának munkajogi, társadalombiztosítási és szociálpolitikai eszközei (1976) (Szeged) | ||
| 856 | 4 | 0 | |u http://acta.bibl.u-szeged.hu/44585/1/mezgazjog_002_073-081.pdf |z Dokumentum-elérés |